000 00871cam a22002295a 4500
001 L159756
008 150226s2016 xxk f 000 0 eng d
035 _a(Sirsi) u159756
041 0 _aeng
100 1 _aMann, Will
245 0 0 _aNew castle in the sky
260 _c2016
490 _aModus
_vJuly - August 2016, 32-33 (2)
520 _aThe Newcastle's Byker Wall, the public housing scheme and grade II listed residential block, undervent £8m investment programme to accommodate the modern needs of its residents, while respecting distinctive features of the original design.
590 _aKA
650 2 4 _aPUBLIC HOUSING
650 2 4 _aRefurbishment
_96264
650 2 4 _aBUILT ENVIRONMENT-BUILDING TYPES-ANCIENT MONUMENTS AND HISTORIC BUILDINGS-LISTED BUILDINGS
651 4 _aUnited Kingdom
_y
690 _aBUILDING AND CONSTRUCTION-PROJECTS
942 _n0
999 _c84962
_d84962